Software Project Management (Record no. 4582)

MARC details
000 -LEADER
fixed length control field 00338nam a2200145Ia 4500
008 - FIXED-LENGTH DATA ELEMENTS--GENERAL INFORMATION
fixed length control field 191201s2010 xx 000 0 und d
082 ## - DEWEY DECIMAL CLASSIFICATION NUMBER
Classification number 005.106
Item number HUS
100 ## - MAIN ENTRY--PERSONAL NAME
Personal name HUGHES, BOB
245 #0 - TITLE STATEMENT
Title Software Project Management
250 ## - EDITION STATEMENT
Edition statement Ed.5th
260 ## - PUBLICATION, DISTRIBUTION, ETC. (IMPRINT)
Place of publication, distribution, etc N. Delhi
Name of publisher, distributor, etc TMH
Date of publication, distribution, etc 2010
300 ## - PHYSICAL DESCRIPTION
Extent 392
650 ## - SUBJECT ADDED ENTRY--TOPICAL TERM
Topical term or geographic name as entry element B.Tech(CSE)
942 ## - ADDED ENTRY ELEMENTS (KOHA)
Source of classification or shelving scheme Dewey Decimal Classification
Koha item type Text Books
Holdings
Withdrawn status Lost status Source of classification or shelving scheme Damaged status Not for loan Collection code Home library Current library Date acquired Source of acquisition Cost, normal purchase price Bill Number Total Checkouts Full call number Acc. no. / Barcode Date last seen Date last borrowed Bill Date Koha item type
    Dewey Decimal Classification     B.Tech(CSE) PIET C-LIBRARY PIET C-LIBRARY 15/07/2010 The book company 425.00 2035 4 005.106 HUS 15887 21/11/2025 04/11/2025 12/07/2010 Text Books
    Dewey Decimal Classification     B.Tech(CSE) PIET C-LIBRARY PIET C-LIBRARY 15/07/2010 The book company 425.00 2035   005.106 HUS 15888 04/12/2019   12/07/2010 Reference Books
    Dewey Decimal Classification     B.Tech(CSE) PIET C-LIBRARY PIET C-LIBRARY 15/07/2010 The book company 425.00 2035 4 005.106 HUS 15889 04/07/2025 04/02/2025 12/07/2010 Text Books
    Dewey Decimal Classification     B.Tech(CSE) PIET C-LIBRARY PIET C-LIBRARY 15/07/2010 The book company 425.00 2035 1 005.106 HUS 15890 04/04/2024 21/03/2024 12/07/2010 Text Books
    Dewey Decimal Classification     B.Tech(CSE) PIET C-LIBRARY PIET C-LIBRARY 15/07/2010 The book company 425.00 2035 2 005.106 HUS 15891 02/09/2025 04/02/2025 12/07/2010 Text Books
    Dewey Decimal Classification     B.Tech(CSE) PIET C-LIBRARY PIET C-LIBRARY 15/07/2010 The book company 425.00 2035 4 005.106 HUS 15892 13/09/2024 13/08/2024 12/07/2010 Text Books

Design & Developed by: PIET Central Library
R70 Miles Stone Pattikalyana Samalkha Panipat 132102
mail ID :- [email protected], Phone No:- 0180-2569700 Ex.216